| 000 | 005600000a22001810004500 | ||
|---|---|---|---|
| 003 | LK-CoMWRAF | ||
| 005 | 20240120110345.0 | ||
| 008 | 230817t2000 ||||| |||| 00| 0 eng d | ||
| 040 |
_aLK-CoMWRAF _dLK-CoMWRAF _eLK-CoMWRAF |
||
| 041 | _aeng | ||
| 082 |
_a362.88 _bPUB |
||
| 245 |
_aPublic hearing on crimes against women in recent wars and conflicts : _b a compilation of testimonies |
||
| 260 |
_aNew York : _bWoman's Causus for Gender Justice., _c2000 |
||
| 300 | _a79 p.; 29 cm | ||
| 650 | _a Crime Victims | ||
| 650 | _aWomen, Crimes against | ||
| 942 | _cBK | ||
| 999 |
_c204 _d204 |
||